| 000 | 00637nam a2200229 i 4500 | ||
|---|---|---|---|
| 001 | C2-0200072 | ||
| 003 | PPAK | ||
| 005 | 20180728100407.0 | ||
| 008 | 990131s1956 io a|||| ||||| | may d | ||
| 040 |
_aPPAK _beng _cPPAK _erda |
||
| 082 | 0 | 4 |
_a959.8 _2 23 |
| 090 | 0 | 0 |
_a959.8 _bKAS _dKIH |
| 100 | 1 |
_aKasim, Muhd., _eauthor |
|
| 245 | 1 | 0 | _aZaman dahulu, sekarang dan ...jang akan datang |
| 264 | 1 |
_aBandong, Indonesia : _bBandung , _c1956 |
|
| 300 |
_a165 pages : _billustrations ; _c21 cm |
||
| 336 |
_2rdacontent _atext |
||
| 337 |
_2rdamedia _aunmediated |
||
| 338 |
_2rdacarrier _avolume |
||
| 700 | _eauthor | ||
| 942 |
_ddc _cB |
||
| 999 |
_c156784 _d156784 |
||